Phân tích thực trạng và đề ra những giải pháp phát triển kinh tế hợp tác xã nông nghiệp huyện Phụng Hiệp tỉnh Hậu Giang : Luận văn tốt nghiệp Đại học

Mô tả thực trạng của hợp tác xã Nông nghiệp, phương pháp thực hiện đề tài và các giải pháp chủ yếu để nâng cao hiệu quả hoạt động của HTX cũng như của nông hộ trên địa bàn huyện.

Enregistré dans:
Détails bibliographiques
Auteur principal: Đỗ, Văn Vĩ
Format: Livre
Langue:Undetermined
Publié: Cần Thơ Trường Đại học Cần Thơ 2008
Sujets:
Tags: Ajouter un tag
Pas de tags, Soyez le premier à ajouter un tag!
Thư viện lưu trữ: Trung tâm Học liệu Trường Đại học Cần Thơ
LEADER 01233nam a2200217Ia 4500
001 CTU_169413
008 210402s9999 xx 000 0 und d
082 |a 334.683 
082 |b V300 
100 |a Đỗ, Văn Vĩ 
245 0 |a Phân tích thực trạng và đề ra những giải pháp phát triển kinh tế hợp tác xã nông nghiệp huyện Phụng Hiệp tỉnh Hậu Giang : 
245 0 |b Luận văn tốt nghiệp Đại học 
245 0 |c Đỗ Văn Vĩ ; Bùi Văn Trịnh (Giáo viên hướng dẫn) 
260 |a Cần Thơ 
260 |b Trường Đại học Cần Thơ 
260 |c 2008 
520 |a Mô tả thực trạng của hợp tác xã Nông nghiệp, phương pháp thực hiện đề tài và các giải pháp chủ yếu để nâng cao hiệu quả hoạt động của HTX cũng như của nông hộ trên địa bàn huyện. 
650 |a Agricultural cooperatives,Hợp tác xã nông nghiệp,Nông nghiệp,Agriculture 
650 |x Khía cạnh kinh tế,Economic aspects 
904 |i Quốc, Năm 
980 |a Trung tâm Học liệu Trường Đại học Cần Thơ